[Event "Titled Tue 24th Jun Early"]
[Site "chess.com INT"]
[Date "2025.06.24"]
[Round "7"]
[White "Yushko, Olga"]
[Black "Gaal, Zsoka"]
[Result "0-1"]
[WhiteTitle "WFM"]
[BlackTitle "WGM"]
[WhiteElo "2033"]
[BlackElo "2391"]
[WhiteFideId "14114500"]
[BlackFideId "777765"]
[EventDate "2025.06.24"]

1. d4 g6 2. c4 Bg7 3. Nf3 e6 4. Nc3 Ne7 5. Bg5 h6 6. Bh4 b6 7. e3 Bb7 8. Be2 O-O
9. O-O d5 10. cxd5 exd5 11. Rc1 c6 12. b4 Nd7 13. Qb3 Nf6 14. b5 Nf5 15. bxc6
Bxc6 16. Bg3 Nxg3 17. hxg3 Qd6 18. Ne5 Rfc8 19. Nxc6 Rxc6 20. Nb5 Qd7 21. Bf3
Rac8 22. Rxc6 Rxc6 23. Nc3 Rd6 24. Rb1 Qf5 25. Qa3 Rc6 26. Rd1 a5 27. Nb5 Rc2
28. Nd6 Bf8 29. g4 Qe6 30. Qb3 Rc6 31. Nb5 Rc4 32. Nc3 Bb4 33. Nxd5 Rc8 34.
Nxf6+ Qxf6 35. d5 Rc3 36. Qa4 Bd6 37. Qd7 Qe5 38. Qd8+ Kg7 39. Qxb6 Qh2+ 40. Kf1
Rc2 41. Qd4+ Be5 42. Qxe5+ Qxe5 43. d6 Qb5+ 44. Kg1 Rc8 45. d7 Rd8 46. e4 Rxd7
47. Rc1 Rd2 48. g3 Qb6 49. Rf1 Rxa2 50. e5 Qd4 51. e6 fxe6 52. Kg2 a4 53. g5
hxg5 54. Bg4 a3 55. Bxe6 Rb2 0-1

[Event "Titled Tue 24th Jun Early"]
[Site "chess.com INT"]
[Date "2025.06.24"]
[Round "7"]
[White "Shapiro, Daniel"]
[Black "Navarro Lopez-Menchero, Daniel"]
[Result "1-0"]
[WhiteTitle "FM"]
[BlackTitle "FM"]
[WhiteElo "2284"]
[BlackElo "2240"]
[WhiteFideId "2001780"]
[BlackFideId "2297370"]
[EventDate "2025.06.24"]

1. d4 d5 2. c4 e6 3. Nf3 Nf6 4. g3 Bb4+ 5. Bd2 Bd6 6. Qc2 O-O 7. Bg2 c6 8. O-O
Ne4 9. Bf4 Bxf4 10. gxf4 Nd7 11. Nbd2 Ndf6 12. e3 b6 13. b3 Bb7 14. Rac1 Rc8 15.
Rfd1 Qe7 16. Ne5 Nxd2 17. Rxd2 Ne4 18. Rdd1 f6 19. Nd3 Kh8 20. c5 e5 21. f3 exd4
22. exd4 f5 23. fxe4 fxe4 24. Ne5 Rxf4 25. Qe2 bxc5 26. Rxc5 Rcf8 27. Rcc1 c5
28. Rxc5 Qh4 29. Rf1 Rxf1+ 30. Bxf1 Ba6 31. Qxa6 Qg5+ 32. Kh1 Qe3 33. Qe2 Qxd4
34. Nd7 e3 35. Nxf8 Qxc5 36. Ne6 Qb6 37. Nf4 d4 38. Nd3 Qc6+ 39. Bg2 Qc3 40. h3
Qa1+ 41. Kh2 Qc3 42. Qf3 Qc7+ 43. Qg3 Qf7 44. Qb8+ Qg8 45. Qxg8+ Kxg8 46. Kg3
Kf7 47. Kf4 Kf6 48. Ke4 Kg5 49. Kxd4 Kh4 50. Kxe3 Kg3 51. Bf1 g5 52. b4 h5 53.
a4 g4 54. hxg4 hxg4 55. b5 Kh2 56. a5 g3 57. b6 axb6 58. axb6 1-0

[Event "Titled Tue 24th Jun Early"]
[Site "chess.com INT"]
[Date "2025.06.24"]
[Round "7"]
[White "Herman, Daniel"]
[Black "Carroll, Thomas"]
[Result "0-1"]
[WhiteElo "1920"]
[BlackElo "2131"]
[WhiteFideId "30935008"]
[BlackFideId "450111"]
[EventDate "2025.06.24"]

1. Nf3 b6 2. e4 Bb7 3. Nc3 Nf6 4. e5 Nd5 5. Bc4 e6 6. d4 d6 7. O-O Nd7 8. exd6
Bxd6 9. Bxd5 exd5 10. Re1+ Kf8 11. Nb5 Nf6 12. Bg5 h6 13. Bh4 g5 14. Nxd6 cxd6
15. Bg3 Kg7 16. Qd3 Ne4 17. Nd2 Qf6 18. f3 Nxg3 19. hxg3 Rhe8 20. c3 Qg6 21.
Qxg6+ Kxg6 22. g4 f5 23. gxf5+ Kxf5 24. Nf1 h5 25. Kf2 h4 26. Ne3+ Kg6 27. a4 a6
28. a5 bxa5 29. Rxa5 Rab8 30. Nc2 Rxe1 31. Kxe1 Kf5 32. Nb4 Kf4 33. Kf2 g4 34.
fxg4 Kxg4 35. Ra1 Rf8+ 36. Kg1 Kg3 37. Re1 a5 38. Nd3 Ba6 39. Re3+ Kg4 40. Nf2+
Kg5 41. Re6 Bc4 42. Rxd6 Rb8 43. Nd1 Kf4 44. Re6 Bb3 45. Ne3 a4 46. Re5 Ba2 47.
Nxd5+ Bxd5 48. Rxd5 Rxb2 49. Ra5 Kg3 50. Kf1 Rb1+ 51. Ke2 Kxg2 52. Rg5+ Kh2 53.
Ra5 Ra1 54. Kf2 h3 55. d5 Ra2+ 56. Kf1 Ra1+ 57. Kf2 Ra2+ 58. Kf1 Rd2 59. Rxa4
Rxd5 60. Rd4 Rf5+ 61. Ke2 Kg3 62. Rd3+ Kg2 63. Rd8 Rg5 64. c4 h2 65. Rd5 Rxd5
66. cxd5 0-1

[Event "Titled Tue 24th Jun Early"]
[Site "chess.com INT"]
[Date "2025.06.24"]
[Round "7"]
[White "Aghaei, Alireza"]
[Black "Hayrapetyan, Edgar"]
[Result "0-1"]
[WhiteTitle "CM"]
[BlackTitle "FM"]
[WhiteElo "2204"]
[BlackElo "2161"]
[WhiteFideId "12509914"]
[BlackFideId "13313568"]
[EventDate "2025.06.24"]

1. d4 Nf6 2. Bg5 e6 3. e4 d5 4. e5 h6 5. Be3 Nfd7 6. c3 c5 7. f4 Nc6 8. Nf3 cxd4
9. cxd4 Qb6 10. Qd2 a5 11. Nc3 a4 12. a3 Qd8 13. f5 Nb6 14. fxe6 Bxe6 15. Bb5
Be7 16. O-O Qd7 17. Qd1 Ra5 18. Nd2 Bg5 19. Qe2 Ra8 20. Rac1 Bxe3+ 21. Qxe3 O-O
22. Ne2 Rfc8 23. Nf4 Qe7 24. Bxc6 Rxc6 25. Rxc6 bxc6 26. Rc1 Bd7 27. Nd3 Ra5 28.
Nc5 Be8 29. Nb1 Nc4 30. Qc3 Rxc5 31. dxc5 Qxc5+ 32. Kh1 Qf2 33. Qc2 Qe3 34. Nc3
Bd7 35. Nxa4 Bf5 36. Qc3 Qg5 37. Re1 Nd2 38. Qe3 Qxe3 39. Rxe3 d4 40. Re1 Nb3
41. Rd1 Bc2 42. Rf1 Kf8 43. e6 f6 44. g3 Ke7 45. Kg2 Kxe6 46. Kf2 c5 47. Nb6 Kd6
48. Nc4+ Kd5 49. Nb6+ Kc6 50. Nc8 d3 51. Ke3 d2 52. Ne7+ Kd7 53. Nf5 Bxf5 0-1

[Event "Titled Tue 24th Jun Early"]
[Site "chess.com INT"]
[Date "2025.06.24"]
[Round "7"]
[White "Rabin, Evan"]
[Black "Gibala, Adam"]
[Result "0-1"]
[BlackTitle "CM"]
[WhiteElo "1945"]
[BlackElo "2245"]
[WhiteFideId "2028670"]
[BlackFideId "21070288"]
[EventDate "2025.06.24"]

1. e4 c6 2. d4 d5 3. Nc3 dxe4 4. Nxe4 Nd7 5. Nf3 Ndf6 6. Nxf6+ Nxf6 7. Ne5 Bf5
8. Bc4 e6 9. g4 Bg6 10. h4 Bd6 11. h5 Be4 12. f3 Bxe5 13. fxe4 Bxd4 14. c3 Be5
15. Qf3 Nd7 16. g5 Qe7 17. Be3 O-O-O 18. Bxa7 Qxg5 19. Be3 Qg3+ 20. Qxg3 Bxg3+
21. Ke2 Bc7 22. h6 gxh6 23. Rxh6 Ne5 24. Bb3 Ng4 25. Rh4 Nxe3 26. Kxe3 Bb6+ 27.
Ke2 Rdg8 28. Rf1 Rg2+ 29. Kd1 Rxb2 30. Rxf7 Rd8+ 31. Kc1 Re2 32. Bxe6+ Kb8 33.
Rd7 Be3+ 34. Kd1 Rd2+ 35. Rxd2 Rxd2+ 36. Ke1 h6 37. Bb3 Bg5 38. Rg4 Rd3 39. Ke2
Re3+ 40. Kf2 Rxc3 41. e5 Kc7 42. Re4 Kd7 43. e6+ Ke7 44. Ke2 b5 45. Rd4 Re3+ 46.
Kf2 c5 47. Rd7+ Kf6 48. Rf7+ Kg6 49. Bc2+ Kh5 50. Bd1+ Kh4 51. e7 Rxe7 52. Rxe7
Bxe7 53. Be2 c4 54. Kf3 Kg5 55. a4 bxa4 56. Bxc4 a3 57. Kg3 h5 58. Kh3 h4 59.
Ba2 Kf4 60. Bg8 Ke3 61. Ba2 Kd2 62. Bg8 Kc2 63. Bf7 Kb2 64. Bg8 Bg5 65. Bf7 a2
66. Bg8 a1=Q 0-1

[Event "Titled Tue 24th Jun Early"]
[Site "chess.com INT"]
[Date "2025.06.24"]
[Round "7"]
[White "Henriquez Villagra, Cristobal"]
[Black "Dubnevych, Maksym"]
[Result "1-0"]
[WhiteTitle "GM"]
[BlackTitle "FM"]
[WhiteElo "2597"]
[BlackElo "2296"]
[WhiteFideId "3409350"]
[BlackFideId "14184001"]
[EventDate "2025.06.24"]

1. d4 Nf6 2. Nf3 e6 3. Nbd2 d5 4. e3 Be7 5. Bd3 O-O 6. O-O b6 7. Qe2 Bb7 8. b3
Nbd7 9. Bb2 Rc8 10. Ba6 Bxa6 11. Qxa6 c5 12. c4 cxd4 13. exd4 Rc7 14. Qb5 Qc8
15. Rfd1 Qb7 16. Qa4 a6 17. Rac1 Rfc8 18. Ba3 b5 19. cxb5 axb5 20. Rxc7 Qxc7 21.
Qa6 Bxa3 22. Qxa3 Qc2 23. Re1 Ne4 24. Qb4 Ndf6 25. h3 Qxa2 26. Re2 Qa1+ 27. Kh2
Qa6 28. Nf1 Qb7 29. Ne5 Nd7 30. f3 Nxe5 31. dxe5 Nc3 32. Rc2 Qc7 33. f4 Qc5 34.
Qa5 h5 35. Nd2 Qd4 36. Nf3 Qxf4+ 37. Kh1 b4 38. Qa6 Rf8 39. Qb6 Qe4 40. Rd2 Qb1+
41. Kh2 Qxb3 42. Rd4 Ne4 43. Rxb4 Qc2 44. Qa7 Qf2 45. Qe7 Qg3+ 46. Kg1 Ra8 47.
Ra4 Rxa4 48. Qe8+ Kh7 49. Qxa4 Qf2+ 50. Kh2 Qg3+ 51. Kg1 Qf4 52. Qd7 Kg6 53. Qd8
Ng5 54. Nh2 Qe3+ 55. Kf1 Qxe5 56. Kg1 1-0

[Event "Titled Tue 24th Jun Early"]
[Site "chess.com INT"]
[Date "2025.06.24"]
[Round "7"]
[White "Cori Quispe, Kevin Joel"]
[Black "Yang, Larry"]
[Result "1-0"]
[WhiteTitle "GM"]
[WhiteElo "2464"]
[BlackElo "2017"]
[WhiteFideId "3814017"]
[BlackFideId "2637618"]
[EventDate "2025.06.24"]

1. e4 c5 2. Nf3 Nc6 3. d4 cxd4 4. Nxd4 g6 5. Nc3 Bg7 6. Be3 Nf6 7. Bc4 Qa5 8.
O-O O-O 9. Bb3 d6 10. h3 Bd7 11. f4 Rfc8 12. Nf3 Qh5 13. Qe1 h6 14. Rd1 Na5 15.
e5 Ne8 16. Nd5 Nxb3 17. Nxe7+ Kf8 18. cxb3 Kxe7 19. exd6+ Kf8 20. Ne5 Bxe5 21.
fxe5 Rc2 22. Rd2 Rac8 23. Qf2 Qf5 24. Bxh6+ Kg8 25. Qe3 Qe6 26. Rff2 R2c5 27.
Bf4 b6 28. Qg3 Ng7 29. Qg5 Nh5 30. Rde2 Nxf4 31. Rxf4 Qxd6 32. Kh2 Qe6 33. Rh4
f6 34. Qxg6+ Kf8 35. Rh8+ Ke7 36. exf6+ Kd6 37. Rxe6+ Bxe6 38. Rxc8 Rxc8 39.
Qg3+ Kd7 40. Qd3+ Ke8 41. Qh7 Bf7 42. g4 Rc1 43. g5 Rf1 44. Kg2 Rf4 45. Kg3 Rf1
46. h4 Rg1+ 47. Kf2 Rg4 48. Kf3 Rg1 49. Qe4+ Kf8 50. Qe7+ Kg8 51. Kf2 Rg4 52.
Qd8+ Kh7 53. Qd3+ Kg8 54. Qh3 Rf4+ 55. Ke3 Rb4 56. h5 Rb5 57. g6 Re5+ 58. Kf4
Re6 59. gxf7+ Kxf7 60. Kg5 Rxf6 61. Qd7+ Kg8 62. Kxf6 Kh8 63. Qg7# 1-0

[Event "Titled Tue 24th Jun Early"]
[Site "chess.com INT"]
[Date "2025.06.24"]
[Round "7"]
[White "Wu, Jayden"]
[Black "Willim, Michael"]
[Result "0-1"]
[BlackTitle "CM"]
[WhiteElo "2061"]
[BlackElo "2024"]
[WhiteFideId "30972558"]
[BlackFideId "4632435"]
[EventDate "2025.06.24"]

1. e4 e6 2. d4 d5 3. Nc3 Nf6 4. Bg5 dxe4 5. Nxe4 Be7 6. Bxf6 gxf6 7. Nf3 f5 8.
Ned2 Nd7 9. g3 b6 10. Bg2 Bb7 11. Nh4 Bxg2 12. Nxg2 O-O 13. Nf4 Nf6 14. Nf3 c5
15. dxc5 Bxc5 16. Nd3 Be7 17. Qe2 Rc8 18. O-O-O Qd5 19. Kb1 Qe4 20. Rhe1 Rfd8
21. Nd2 Qxe2 22. Rxe2 Rc7 23. Nf3 Rdc8 24. Nfe5 Ne4 25. f3 Nc5 26. Nf4 Bf6 27.
c3 Na4 28. Rd3 Bxe5 29. Rxe5 Rc5 30. Re1 Kg7 31. h4 b5 32. Rd7 Kf8 33. Rxa7 Nb6
34. Ra6 Nc4 35. Ra7 Nd2+ 36. Kc2 Nxf3 37. Rd1 Ne5 38. Nd3 Nxd3 39. Rxd3 R8c7 40.
Rd7 Rxa7 41. Rxa7 f4 42. gxf4 Rf5 43. Rb7 Rxf4 44. Rxb5 Rxh4 45. b4 Ke8 46. a4
Kd7 47. a5 Kc7 48. a6 Rh1 49. a7 Ra1 50. Rc5+ Kb7 51. Rh5 Rxa7 52. Rxh7 Kb6 53.
Kd3 Rd7+ 54. Kc4 Kc6 55. b5+ Kb6 56. Kb4 e5 57. c4 Re7 58. c5+ Kb7 59. Rh5 e4
60. b6 e3 61. Rh1 Kc6 62. Kc4 f5 63. Kd3 f4 0-1

[Event "Titled Tue 24th Jun Early"]
[Site "chess.com INT"]
[Date "2025.06.24"]
[Round "7"]
[White "Aakash, G"]
[Black "Salinas Herrera, Pablo"]
[Result "0-1"]
[WhiteTitle "FM"]
[BlackTitle "GM"]
[WhiteElo "2123"]
[BlackElo "2447"]
[WhiteFideId "25644394"]
[BlackFideId "3407128"]
[EventDate "2025.06.24"]

1. d4 d5 2. c4 e6 3. Nc3 Nf6 4. cxd5 exd5 5. Bg5 c6 6. e3 h6 7. Bh4 Bd6 8. Bd3
O-O 9. Nge2 Re8 10. Qc2 a5 11. Bg3 Na6 12. a3 Nc7 13. O-O Ne6 14. f3 Bf8 15. Kh1
b5 16. e4 dxe4 17. fxe4 Nxd4 18. Nxd4 Qxd4 19. e5 Ng4 20. Bh7+ Kh8 21. Rxf7 Nxe5
22. Rf4 Qa7 23. Raf1 Be6 24. Be4 Bc4 25. Re1 Rad8 26. Rxf8+ Rxf8 27. Bxe5 Qe3
28. Qb1 Qg5 29. Bg3 Rde8 30. b3 Bg8 31. Bxc6 Rxe1+ 32. Qxe1 Qd2 33. Bxb5 Qb2 34.
Be5 Qxb3 35. h3 Qxa3 36. Qe3 Bh7 37. Qxh6 Qe7 38. Bd3 Rf1+ 39. Bxf1 Qxe5 40. Qd2
Bg8 41. Qd3 Qf6 42. Qf3 Qd4 43. Bd3 g6 44. Bxg6 Kg7 45. Be4 a4 46. Qg4+ Kf8 47.
Qf5+ Kg7 48. Qg5+ Kf8 49. Qg3 a3 50. Qb8+ Kg7 51. Qc7+ Kf8 52. Qc8+ Kg7 53. Qg4+
Kf8 54. Nb5 Qc5 0-1

[Event "Titled Tue 24th Jun Early"]
[Site "chess.com INT"]
[Date "2025.06.24"]
[Round "7"]
[White "Klepek, Witold"]
[Black "Smietanska, Wiktoria"]
[Result "0-1"]
[WhiteTitle "CM"]
[BlackTitle "CM"]
[WhiteElo "2253"]
[BlackElo "2238"]
[WhiteFideId "1175068"]
[BlackFideId "21869359"]
[EventDate "2025.06.24"]

1. c4 Nf6 2. Nf3 g6 3. d4 Bg7 4. Nc3 d6 5. g3 O-O 6. Bg2 Nc6 7. O-O Bg4 8. e3 e5
9. h3 Bxf3 10. Bxf3 Qd7 11. Bg2 Rfe8 12. b3 exd4 13. exd4 Nh5 14. Be3 Nxg3 15.
Re1 Nf5 16. Bxc6 Qxc6 17. Nd5 Nxe3 18. fxe3 Qd7 19. Qf3 c6 20. Nc3 Re7 21. Re2
Rae8 22. Rf1 f5 23. Kg2 c5 24. Nd5 Re4 25. dxc5 dxc5 26. Rd1 Qc6 27. Rd3 f4 28.
Nxf4 Rxf4 29. Qd5+ Qxd5+ 30. cxd5 Rf7 31. e4 Be5 32. Rc2 Bd6 33. a4 Rxe4 34. Rc4
Rxc4 35. bxc4 Rf4 36. Rb3 b6 37. a5 Rxc4 38. axb6 axb6 39. Rxb6 Bc7 40. Rc6 Be5
41. Re6 Bf4 42. Kf3 g5 43. Kg4 Rd4 44. Re8+ Kf7 45. Rc8 Rxd5 46. h4 Kg6 47. Rc6+
Rd6 48. Rxc5 Be3 49. Re5 Rd4+ 50. Kf3 Bf4 51. Re6+ Kf5 52. Re8 g4+ 53. Ke2 Re4+
54. Rxe4 Kxe4 55. h5 Kf5 56. Kf2 Kg5 57. h6 Kxh6 58. Kg2 Kg5 59. Kh1 h5 60. Kg2
g3 61. Kh1 Kg4 62. Kg2 Be5 63. Kh1 Kf3 64. Kg1 Bd4+ 65. Kh1 g2+ 66. Kh2 g1=Q+
67. Kh3 Qg3# 0-1

[Event "Titled Tue 24th Jun Early"]
[Site "chess.com INT"]
[Date "2025.06.24"]
[Round "7"]
[White "Plichta, Kamil"]
[Black "Mecit, Emre"]
[Result "1-0"]
[WhiteTitle "FM"]
[WhiteElo "2361"]
[BlackElo "2007"]
[WhiteFideId "1141830"]
[BlackFideId "6304214"]
[EventDate "2025.06.24"]

1. Nf3 Nf6 2. g3 g6 3. Bg2 Bg7 4. O-O O-O 5. h3 c5 6. d3 Nc6 7. e4 d6 8. Re1 Rb8
9. a4 a6 10. e5 dxe5 11. Nxe5 Nxe5 12. Rxe5 b6 13. Re1 a5 14. Bf4 Rb7 15. Nc3
Rd7 16. Qe2 Bb7 17. Bxb7 Rxb7 18. Be5 Qd7 19. Kg2 e6 20. Qf3 Nd5 21. Bxg7 Kxg7
22. Ne4 h6 23. h4 f5 24. Nc3 Nxc3 25. bxc3 Qd5 26. Qxd5 exd5 27. Re5 Rd8 28. h5
Kf6 29. Rae1 Rd6 30. hxg6 Kxg6 31. Re6+ Rxe6 32. Rxe6+ Kg7 33. Rd6 b5 34. axb5
Rxb5 35. Rxd5 a4 36. Rd7+ Kf6 37. Ra7 Rb2 38. Rxa4 Rxc2 39. Rc4 Rd2 40. Rxc5
Rxd3 41. Rc6+ Kg7 42. c4 Rc3 43. c5 h5 44. Rc7+ Kg6 45. Rc8 Rc4 46. c6 h4 47.
gxh4 Kg7 48. h5 Rc3 49. h6+ Kh7 50. Kf1 Kxh6 51. Ke2 Kg7 52. Kd2 Rc5 53. Kd3 Rc1
54. Kd4 f4 55. Ke5 Rc4 56. Kd5 Rc2 57. c7 f3 58. Ke5 Rc3 59. Ke4 Kh7 60. Kd4 Rc2
61. Kd3 Rc6 62. Kd4 Rc2 63. Kd5 Rd2+ 64. Ke6 Rc2 65. Kd5 Rd2+ 66. Ke4 Rxf2 67.
Rf8 Re2+ 68. Kxf3 Rc2 69. c8=Q 1-0

[Event "Titled Tue 24th Jun Early"]
[Site "chess.com INT"]
[Date "2025.06.24"]
[Round "7"]
[White "Lowinger, Daniel"]
[Black "Reshetnikov, Alexey"]
[Result "0-1"]
[BlackTitle "IM"]
[WhiteElo "2086"]
[BlackElo "2492"]
[WhiteFideId "2005557"]
[BlackFideId "4162080"]
[EventDate "2025.06.24"]

1. e4 c5 2. Nf3 Nc6 3. d4 cxd4 4. Nxd4 Nf6 5. Nc3 d6 6. Bg5 Bd7 7. Qd2 Rc8 8.
O-O-O Nxd4 9. Qxd4 Qa5 10. f4 h6 11. Bh4 g5 12. e5 Nh5 13. e6 Bg7 14. exd7+ Kxd7
15. Qd5 Qxd5 16. Rxd5 Bxc3 17. bxc3 Nf6 18. Rb5 gxh4 19. Rxb7+ Rc7 20. Bb5+ Kc8
21. Rxc7+ Kxc7 22. Re1 e6 23. f5 e5 24. Bc4 Rg8 25. Re2 d5 26. Bb3 Kd6 27. c4
dxc4 28. Bxc4 Rg5 29. Bxf7 Rxf5 30. Bg6 Rf1+ 31. Kb2 Rf4 32. g3 hxg3 33. hxg3
Rg4 34. Bf5 Rxg3 35. Rd2+ Ke7 36. Re2 Kd6 37. Rd2+ Kc5 38. Re2 Rg5 39. Rxe5+ Kd4
40. Rb5 h5 41. Bd3 Rxb5+ 42. Bxb5 h4 43. Bf1 Nd5 44. c4 Nf4 45. Kb3 Kc5 46. Ka4
Kb6 47. Kb4 Ne6 48. a4 Nc5 49. a5+ Kc6 50. Bg2+ Kd6 51. Kb5 Nb3 52. Ka6 Kc5 53.
Kxa7 Nxa5 54. Kb8 Nxc4 55. Kc7 Ne3 56. Bh3 Kd4 57. Kd7 Ke4 58. Ke6 Kf4 59. Kf6
Kg3 60. Bd7 Ng4+ 61. Kg5 h3 62. Bc6 Ne5 63. Bb7 Nf3+ 64. Kh5 h2 65. Bxf3 Kxf3 0-1

[Event "Titled Tue 24th Jun Early"]
[Site "chess.com INT"]
[Date "2025.06.24"]
[Round "7"]
[White "Olhovik, Andrei"]
[Black "Hernandez Leon, Sergio"]
[Result "0-1"]
[WhiteTitle "FM"]
[BlackTitle "CM"]
[WhiteElo "2282"]
[BlackElo "2102"]
[WhiteFideId "13507397"]
[BlackFideId "2285622"]
[EventDate "2025.06.24"]

1. d4 Nf6 2. c4 e6 3. Nc3 d5 4. cxd5 exd5 5. Bg5 Be7 6. e3 c6 7. Bd3 O-O 8. h3
h6 9. Bf4 Bd6 10. Nge2 Re8 11. Qc2 b5 12. O-O Bxf4 13. Nxf4 Nbd7 14. a4 b4 15.
Nb1 Bb7 16. Nd2 a5 17. Nb3 Qe7 18. Rac1 g5 19. Ne2 h5 20. Ng3 h4 21. Nf5 Qe6 22.
Nc5 Nxc5 23. Qxc5 Ba6 24. Bxa6 Rxa6 25. Nd6 Rd8 26. Nb7 Rb8 27. Nxa5 Ne4 28. Qc2
Rxa5 29. b3 c5 30. f3 Ng3 31. Rfe1 cxd4 32. exd4 Qf6 33. Qd2 Ra6 34. Re5 Re6 35.
Rxg5+ Kf8 36. Re5 Rbe8 37. f4 Rxe5 38. dxe5 Qf5 39. Kh2 Kg7 40. Qxb4 Rg8 41. Qc3
Kh7 42. Qc2 Ne4 43. a5 Qxf4+ 44. Kh1 Rg6 45. a6 Ng3+ 46. Kh2 Ne2+ 47. Kh1 Nxc1
48. a7 Qf1+ 49. Kh2 Qf4+ 50. Kh1 Ne2 51. Qxe2 Qc1+ 52. Kh2 Qf4+ 53. Kh1 Qc1+ 54.
Kh2 Qa1 55. Qf2 Qxe5+ 56. Kh1 Qa1+ 57. Kh2 Kg7 58. b4 Rg3 59. Qf4 Qxa7 60. Qxh4
Rg6 61. Qd4+ Qxd4 0-1

[Event "Titled Tue 24th Jun Early"]
[Site "chess.com INT"]
[Date "2025.06.24"]
[Round "7"]
[White "Boramanikar, Tanisha S"]
[Black "Bruhovich, Olexandr"]
[Result "0-1"]
[WhiteTitle "WCM"]
[BlackTitle "CM"]
[WhiteElo "1743"]
[BlackElo "2208"]
[WhiteFideId "35023454"]
[BlackFideId "14119919"]
[EventDate "2025.06.24"]

1. e4 c5 2. Nf3 d6 3. Bb5+ Bd7 4. Bxd7+ Nxd7 5. O-O g6 6. c3 Bg7 7. d4 e6 8. Qe2
Ne7 9. Rd1 O-O 10. Bf4 cxd4 11. cxd4 Qb6 12. Nc3 Rfc8 13. Na4 Qb4 14. Nc3 d5 15.
a3 Qb3 16. exd5 Nxd5 17. Nxd5 Qxd5 18. Ne5 Nf6 19. h4 Qb3 20. Rac1 Nd5 21. Bg3
Bh6 22. Rxc8+ Rxc8 23. Ng4 Bf8 24. Rd2 h5 25. Rd3 Qa4 26. Ne5 Bg7 27. Nxg6 Rc2
28. Qe4 Rxb2 29. Ne5 Rb1+ 30. Kh2 Nf6 31. Qf3 Rb5 32. Rc3 Kf8 33. Rc8+ Ke7 34.
Qb3 Rxb3 35. Rc7+ Kd6 36. Rd7+ Qxd7 37. Nc4+ Ke7 38. Ne5 Qc6 39. Nxc6+ bxc6 40.
d5 Rxa3 41. d6+ Kd7 42. Be5 c5 43. Bb2 Ra2 44. Bc3 a5 45. Be5 Rc2 46. Kg3 c4 47.
Kf4 c3 48. Ke3 a4 49. Kd3 Rc1 50. Bxc3 Rxc3+ 51. Kxc3 Nd5+ 52. Kc4 Kxd6 53. Kd3
a3 54. Ke4 a2 55. Kf3 a1=Q 56. Ke4 Qd4+ 0-1

[Event "Titled Tue 24th Jun Early"]
[Site "chess.com INT"]
[Date "2025.06.24"]
[Round "7"]
[White "Dighton, Simon"]
[Black "Dreelinck, Jacob"]
[Result "0-1"]
[WhiteTitle "CM"]
[BlackTitle "FM"]
[WhiteElo "2237"]
[BlackElo "2266"]
[WhiteFideId "408603"]
[BlackFideId "250511"]
[EventDate "2025.06.24"]

1. d4 Nf6 2. Nf3 g6 3. b4 d5 4. Nbd2 Bg7 5. e3 O-O 6. c4 c6 7. Bb2 Bf5 8. Be2
Nbd7 9. O-O a5 10. b5 a4 11. bxc6 bxc6 12. cxd5 cxd5 13. Ba3 Re8 14. Bb5 Qa5 15.
Qe2 Rab8 16. Bd3 Bxd3 17. Qxd3 e6 18. Rfc1 Bf8 19. Bxf8 Rxf8 20. h3 Rfc8 21.
Rab1 Rxb1 22. Qxb1 Rxc1+ 23. Qxc1 Nb6 24. Qc6 Kg7 25. Kh2 Qa7 26. Ne5 Qb8 27.
Nf3 Nbd7 28. g3 Nxe5 29. Nxe5 Qb2 30. Kg2 Ne4 31. Nd3 Qe2 32. Qc3 Nd2 33. Nf4
Qf3+ 34. Kg1 Ne4 35. Qc2 g5 36. Ng2 a3 37. Ne1 Qf5 38. g4 Qf6 39. Kg2 Qe7 40. f3
Nd6 41. Nd3 Nc4 42. Qb3 Nxe3+ 43. Kf2 Nc4 44. Ne5 Nxe5 45. dxe5 Qc5+ 46. Kg2 h6
47. Qd3 Qc4 48. Qxa3 Qe2+ 49. Kg3 Qe1+ 50. Kg2 Qe2+ 51. Kg3 Qxe5+ 52. Kf2 Qh2+
53. Ke3 Qg1+ 54. Ke2 Qg2+ 55. Ke3 Qg1+ 56. Ke2 Qg2+ 57. Ke3 Qxh3 58. Qc3+ Kg8
59. Qc8+ Kh7 60. Qf8 Kg6 61. Qg8+ Kf6 62. Qd8+ Kg7 0-1

[Event "Titled Tue 24th Jun Early"]
[Site "chess.com INT"]
[Date "2025.06.24"]
[Round "7"]
[White "Liashkevich, Lizaveta"]
[Black "Stojanovski, Sandi"]
[Result "0-1"]
[WhiteTitle "WFM"]
[BlackTitle "FM"]
[WhiteElo "2204"]
[BlackElo "2169"]
[WhiteFideId "13518658"]
[BlackFideId "1403249"]
[EventDate "2025.06.24"]

1. d4 d6 2. Nf3 Nf6 3. c4 g6 4. Nc3 Bg7 5. e4 O-O 6. Be2 c5 7. d5 Bg4 8. O-O
Nbd7 9. Re1 a6 10. a4 Qc7 11. h3 Bxf3 12. Bxf3 Rfe8 13. Qc2 e6 14. Bf4 Rab8 15.
Rad1 exd5 16. exd5 Rxe1+ 17. Rxe1 Re8 18. Rxe8+ Nxe8 19. Ne4 Be5 20. Bxe5 Nxe5
21. Be2 Qa5 22. Kf1 h6 23. b3 f5 24. Qc3 Qxc3 25. Nxc3 Nf6 26. f4 Ned7 27. a5 h5
28. g3 Kf7 29. Kf2 b6 30. axb6 Nxb6 31. Ke3 a5 32. Nb5 Ke7 33. Bd3 a4 34. bxa4
Nxa4 35. Kd2 Nb6 36. h4 Ne4+ 37. Bxe4 fxe4 38. Na3 Kf6 39. Ke2 Kf5 40. Ke3 Kg4
41. Kxe4 Kxg3 42. f5 gxf5+ 43. Kxf5 Kxh4 44. Ke6 Kg3 45. Kxd6 h4 46. Kxc5 Nc8
47. Nc2 h3 48. Ne3 Kf3 49. Nf1 Kg2 50. Ne3+ Kf2 51. Ng4+ Kf3 52. Nh2+ Kg2 53.
Ng4 Kg3 54. Ne3 Kf4 55. Nf1 Ke5 56. Nh2 Nd6 57. Kc6 Nxc4 58. Kc5 Nd6 59. Kc6 Nf5
60. Kc5 Nd6 61. Kc6 Nc4 62. Kc5 Na5 63. Kb5 Nb7 64. Kc6 Nd6 65. Kc5 Nf5 66. Kc6
Ne7+ 67. Kc5 Nxd5 68. Kc4 Ke4 69. Ng4 Ne3+ 70. Nxe3 Kxe3 71. Kc3 h2 0-1

[Event "Titled Tue 24th Jun Early"]
[Site "chess.com INT"]
[Date "2025.06.24"]
[Round "7"]
[White "Galchenko, Matvey"]
[Black "Xiong, Jeffery"]
[Result "0-1"]
[WhiteTitle "IM"]
[BlackTitle "GM"]
[WhiteElo "2435"]
[BlackElo "2639"]
[WhiteFideId "24175480"]
[BlackFideId "2047640"]
[EventDate "2025.06.24"]

1. f4 d5 2. Nf3 g6 3. g3 Bg7 4. Bg2 Nh6 5. O-O O-O 6. d3 d4 7. c3 c5 8. e4 dxe3
9. Bxe3 Qc7 10. Qe2 Rd8 11. Kh1 b6 12. Na3 Bb7 13. Rad1 Nc6 14. Nb5 Qd7 15. a4
Nf5 16. Bf2 a6 17. Na3 Na5 18. Qc2 Rac8 19. g4 Nd6 20. h3 Bc6 21. b3 Qb7 22. Bh4
b5 23. axb5 axb5 24. Rde1 Re8 25. Rf2 b4 26. cxb4 Qxb4 27. Nc4 Nxb3 28. Rb1 Nxc4
29. Rxb3 Ne3 30. Rxb4 Nxc2 31. Rc4 Ne3 32. Rc1 Bd5 33. Re2 Bd4 34. Bf2 Nxg2 35.
Kxg2 e5 36. fxe5 Rxe5 37. Rxe5 Bxe5 38. Rxc5 Rd8 39. Be3 Bf6 40. Kf2 Be7 41. Rc7
Bd6 42. Ra7 Rb8 43. Bd4 f6 44. Nd2 Rb4 45. Ke3 Bf4+ 46. Kxf4 Rxd4+ 47. Ke3 Rb4
48. Rd7 Bg2 49. Ne4 Bxe4 50. dxe4 Rb3+ 51. Kf4 Rxh3 52. e5 fxe5+ 53. Kxe5 Rf3
54. Ke4 Rf7 55. Rd6 g5 56. Rc6 Kg7 57. Ke3 h6 58. Rc4 Kg6 59. Ra4 Rf6 60. Rd4 h5
61. gxh5+ Kxh5 62. Rd5 Kh4 63. Ke2 g4 64. Rd1 Kh3 65. Rd3+ g3 66. Rd8 g2 67. Rg8
Kh2 68. Rh8+ Kg1 69. Rf8 Rxf8 0-1